Statistics for Cities - Tile Quiz

Click here to take the quiz!

General Stats

  • This quiz has been taken 118 times
    (117 since last reset)
  • The average score is 35 of 48

Answer Stats

QuestionTileSelect% Correct
cities on islandsRio de JaneiroNo
100%
cities on islandsBostonNo
99%
Swiss citiesBernYes
98%
Swiss citiesLyonNo
97%
cities on islandsPanama CityNo
96%
cities on islandsSeoulNo
96%
cities on islandsDubrovnikNo
95%
cities on islandsHanoiNo
95%
cities on islandsSalalahNo
95%
Swiss citiesUlmNo
94%
Swiss citiesPassauNo
93%
Swiss citiesCortina d'AmpezzoNo
92%
cities on islandsKingstonYes
89%
Swiss citiesLucerneYes
89%
Swedish citiesEspooNo
88%
Swiss citiesFreiburg im BreisgauNo
88%
Swiss citiesGrazNo
87%
Swedish citiesRovaniemiNo
87%
Swiss citiesMeranoNo
85%
cities on islandsPalermoYes
85%
Swedish citiesDrammenNo
84%
cities on islandsJuneauNo
84%
Swiss citiesLausanneYes
84%
cities on islandsBelfastYes
83%
cities on islandsGoaNo
83%
cities on islandsSapporoYes
81%
Swedish citiesGedserNo
79%
Swedish citiesTrondheimNo
79%
Swedish citiesSkiNo
78%
Swiss citiesConstanceNo
75%
Swedish citiesHammerfestNo
72%
Swedish citiesNordkjosbotnNo
67%
Swedish citiesÖstersundYes
66%
Swiss citiesLuganoYes
62%
Swiss citiesZermattYes
59%
Swedish citiesSundsvallYes
55%
Swedish citiesVisbyYes
52%
Swedish citiesLuleåYes
46%
cities on islandsMelbourneYes
45%
Swiss citiesThunYes
44%
cities on islandsMalaboYes
43%
cities on islandsBastiaYes
40%
Swiss citiesFribourgYes
40%
Swedish citiesKalmarYes
40%
Swiss citiesVerbierYes
38%
Swedish citiesKirunaYes
33%
Swedish citiesFalunYes
26%
Swedish citiesEskilstunaYes
25%

Score Distribution

Percentile by Number Answered

Percent of People with Each Score

Your Score History

You have not taken this quiz since the last reset